<?xml version="1.0" encoding="UTF-8"?>
<record
    xmlns:xsi="http://www.w3.org/2001/XMLSchema-instance"
    xsi:schemaLocation="http://www.loc.gov/MARC21/slim http://www.loc.gov/standards/marcxml/schema/MARC21slim.xsd"
    xmlns="http://www.loc.gov/MARC21/slim">

  <leader>02826    a2200217   4500</leader>
  <controlfield tag="001">3731</controlfield>
  <controlfield tag="005">20260407155429.0</controlfield>
  <controlfield tag="008">260407a2006    arg                 spa d</controlfield>
  <controlfield tag="003">AR-UNSa-BCEJYS</controlfield>
  <datafield tag="040" ind1=" " ind2=" ">
    <subfield code="a">AR-UNSa-BCEJYS</subfield>
    <subfield code="b">spa</subfield>
    <subfield code="c">AR-UNSa-BCEJYS</subfield>
  </datafield>
  <datafield tag="080" ind1=" " ind2=" ">
    <subfield code="a">35.073</subfield>
    <subfield code="x">Aspectos econ&#xF3;micos y jur&#xED;dicos (Auditor&#xED;a)</subfield>
  </datafield>
  <datafield tag="245" ind1="1" ind2="0">
    <subfield code="a">Manual de auditor&#xED;a gubernamental</subfield>
    <subfield code="p">control democr&#xE1;tico contra la corrupci&#xF3;n y el despilfarro</subfield>
  </datafield>
  <datafield tag="020" ind1=" " ind2=" ">
    <subfield code="a">987-1313-20-9</subfield>
  </datafield>
  <datafield tag="264" ind1=" " ind2="1">
    <subfield code="a">Buenos Aires :</subfield>
    <subfield code="b">Ediciones Rap</subfield>
    <subfield code="c">2006</subfield>
  </datafield>
  <datafield tag="300" ind1=" " ind2=" ">
    <subfield code="a">981 p.</subfield>
    <subfield code="c">24 cm.</subfield>
  </datafield>
  <datafield tag="505" ind1=" " ind2=" ">
    <subfield code="a">Titulo I: Introducci&#xF3;n: 1. Econom&#xED;a fiscal y econom&#xED;a de empresa - 2. El control de la econom&#xED;a fiscal - 3. El control interno de la econom&#xED;a fiscal - 4. El control externo de la econom&#xED;a fiscal -- T&#xED;tulo II: La auditor&#xED;a gubernamental: 1. Definiciones - 2. Auditor&#xED;a financiera y auditor&#xED;a operacional - 3. La legalidad. Oportunidad y conveniencia - 4. Responsabilidad emergentes de la auditor&#xED;a gubernamental - 5. Pol&#xED;ticas y principios rectores de la auditor&#xED;a gubernamental - 6. &#xC1;mbito de la auditor&#xED;a gubernamental - 7. &#xD3;rganos de la auditor&#xED;a gubernamental -- T&#xED;tulo III: Normas de auditor&#xED;a gubernamental: 1. Ausencia de legislaci&#xF3;n y uniformidad - 2. La situaci&#xF3;n en el orden nacional e internacional - 3. Fines de la auditor&#xED;a gubernamental - 4. Los elementos de la auditor&#xED;a gubernamental - 5. Normas espec&#xED;ficas de la auditor&#xED;a financiera gubernamental -- T&#xED;tulo IV: Auditor&#xED;a operacional. Breve rese&#xF1;a de la evoluci&#xF3;n del control: 1. El tesoro, el presupuesto: cambios de forma y contenido - 2. La reinvenci&#xF3;n del gobierno - 3. El control de gesti&#xF3;n en el sector p&#xFA;blico gubernamental - 4. El sistema de informaci&#xF3;n - 5. Auditor&#xED;a del sistema de informaci&#xF3;n -- T&#xED;tulo V: Auditor&#xED;a operacional: caracter&#xED;sticas: 1. Definici&#xF3;n - 2. Finalidad - 3. Criterios de medici&#xF3;n y evaluaci&#xF3;n - 4. Causalidad - 5. &#xC1;mbito - 6. Oportunidad - 7. Intensidad - 8. Procedimientos - 9. Medios - 10. Organizaci&#xF3;n de la auditor&#xED;a operacional - 11. La prueba en auditor&#xED;a operacional - 12. Los efectos de la auditor&#xED;a operacional -- T&#xED;tulo VI: Normas generales de auditor&#xED;a operacional: 1. En los pa&#xED;ses desarrollados - 2. En latinoam&#xE9;rica y en el caribe - 3. En Argentina - 4. Las normas generales de la auditor&#xED;a operacional - 5. Del informe - 6. Fases del proceso de auditor&#xED;a operacional - 7. Factores esenciales por auditar -- T&#xED;tulo VII: Normas espec&#xED;ficas de auditor&#xED;a operacional: 1. Introducci&#xF3;n - 2. &#xD3;rganos de auditor&#xED;a operacional - 3. Unidades de medida en auditor&#xED;a operacional  </subfield>
  </datafield>
  <datafield tag="942" ind1=" " ind2=" ">
    <subfield code="c">BK</subfield>
  </datafield>
  <datafield tag="590" ind1=" " ind2=" ">
    <subfield code="a">niveau_biblio:m niveau_hierar:0</subfield>
  </datafield>
  <datafield tag="100" ind1="1" ind2=" ">
    <subfield code="a">Nu&#xF1;ez, Jos&#xE9; Ariel</subfield>
  </datafield>
  <datafield tag="856" ind1="4" ind2="1">
    <subfield code="u">https://biblioeco.unsa.edu.ar/pmb/images/libros/Mnaul de auditoria gubernamental-l118350.jpg</subfield>
    <subfield code="y">Imagen de portada</subfield>
    <subfield code="q">image/jpeg</subfield>
  </datafield>
  <datafield tag="999" ind1=" " ind2=" ">
    <subfield code="c">344</subfield>
    <subfield code="d">344</subfield>
  </datafield>
  <datafield tag="952" ind1=" " ind2=" ">
    <subfield code="0">0</subfield>
    <subfield code="1">0</subfield>
    <subfield code="4">0</subfield>
    <subfield code="7">0</subfield>
    <subfield code="a">BCEJYS</subfield>
    <subfield code="b">BCEJYS</subfield>
    <subfield code="c">16</subfield>
    <subfield code="d">2026-04-07</subfield>
    <subfield code="l">0</subfield>
    <subfield code="o">35.073 N972</subfield>
    <subfield code="p">L118350</subfield>
    <subfield code="r">2026-04-07 15:54:29</subfield>
    <subfield code="w">2026-04-07</subfield>
    <subfield code="y">L</subfield>
  </datafield>
</record>
